000 02843nam a22003617a 4500
001 105933
003 KnowledgeUnlatched
005 20210303104944.0
006 m o d
007 cr u||||||||||
008 210129p20142020xx o u00| u ger d
037 _5BiblioBoard
245 0 0 _aKomplementärmedizin im Krankenhaus
_bStrategien, Konzepte, Umsetzung /
_cHans-Wolfgang Hoefert, Andreas Michalsen.
020 _a9783954664573
029 1 _ahttps://library.biblioboard.com/ext/api/media/220767d0-0771-4064-ae95-4dc7a01933ec/assets/thumbnail.jpg
040 _aScCtBLL
_cScCtBLL
506 0 _aAccess copy available to the general public.
_fUnrestricted
_2star
700 1 _aHoefert, Hans-Wolfgang
_eeditor.
700 1 _aMichalsen, Andreas
_eeditor.
264 1 _bMWV Medizinisch Wissenschaftliche Verlagsgesellschaft,
300 _a1 online resource (1 p.)
520 _aDie Nachfrage nach Komplementärmedizin und Naturheilkunde steigt kontinuierlich, ungeachtet der nicht immer vorliegenden Evidenz der Methoden. Mit Ausnahme von Spezialkliniken werden komplementärmedizinische und naturheilkundliche Ansätze nur selten in Krankenhäusern angeboten. Nicht erst im Zuge des anziehenden Wettbewerbs stehen Krankenhäuser vielerorts vor der Entscheidung, dem Trend zu folgen und das eigene Indikations- und Behandlungsspektrum um komplementärmedizinische Angebote zu ergänzen. Allerdings fehlen Kriterien und Empfehlungen, die solchen wesentlichen strategischen Weichenstellungen zugrunde gelegt werden können. Diese Lücke schließt das vorliegende Buch, das Führungskräfte im Krankenhaus bei der Entscheidungsfindung unterstützt, ob komplementäre Methoden und Angebote auch im eigenen Haus etabliert werden sollen, um die Einrichtung im Wettbewerb attraktiver und für die Zukunft wirtschaftlicher zu machen. Der Leser erhält medizinische und ökonomische Kriterien, um die Entscheidung, Planung und Einrichtung von neuen Angeboten im Krankenhaus oder in der Klinik-Gruppe rational voranzubringen. Dazu zeigt das Werke konkrete Handlungsanweisungen und Fallbeispiele für die Implementierung komplementärmedizinischer Verfahren oder Bereiche in die Krankenhausorganisation auf.
588 0 _aDescription based on print version record.
590 _aKU Open Services
650 7 _aMedical / Alternative & Complementary Medicine
_2bisacsh
650 0 _aMedicine
655 0 _aElectronic books.
758 _iIs found in:
_aKnowledge Unlatched
_1https://openresearchlibrary.org/module/2774bc74-146a-484f-a7ba-ab1d6a09bbfb
856 4 0 _uhttps://openresearchlibrary.org/content/220767d0-0771-4064-ae95-4dc7a01933ec
_zView this content on Open Research Library.
_70
999 _c33092
_d33092